Library Logo

Pioneer International University Library Catalogue

FROM EVERY END OF THIS EARTH (Record no. 266)

MARC details
000 -LEADER
fixed length control field 00407nam a22001217a 4500
005 - DATE AND TIME OF LATEST TRANSACTION
control field 20250901165213.0
008 - FIXED-LENGTH DATA ELEMENTS--GENERAL INFORMATION
fixed length control field 210219b ||||| |||| 00| 0 eng d
020 ## - INTERNATIONAL STANDARD BOOK NUMBER
International Standard Book Number 9780061245619
050 ## - LIBRARY OF CONGRESS CALL NUMBER
Classification number JV6455 R67 2009
245 ## - TITLE STATEMENT
Title FROM EVERY END OF THIS EARTH
Remainder of title 13 FAMILIES AND THE NEW LIVES THEY MADE IN AMERICA
Statement of responsibility, etc. ROBERTS STEVEN V.
260 ## - PUBLICATION, DISTRIBUTION, ETC.
Place of publication, distribution, etc. NEW YORK
Name of publisher, distributor, etc. HARPER
Date of publication, distribution, etc. 2009
942 ## - ADDED ENTRY ELEMENTS (KOHA)
Source of classification or shelving scheme Library of Congress Classification
Classification part JV6455 R67 2009
Holdings
Withdrawn status Lost status Source of classification or shelving scheme Damaged status Not for loan Home library Current library Shelving location Date acquired Total checkouts Full call number Barcode Date last seen Price effective from Koha item type
    Library of Congress Classification     Main Library Main Library   02/19/2021   JV6455 R67 2009 PIU0003993 02/19/2021 02/19/2021 Books